| 000 | 01888nam a22002657a 4500 | ||
|---|---|---|---|
| 008 | 251118b |||||||| |||| 00| 0 eng d | ||
| 020 | _a9780349441672 | ||
| 040 | _ctbs | ||
| 041 | _aeng | ||
| 050 |
_aPR9199.4.S5436 _bW55 2025 |
||
| 100 |
_aSilver, Elsie _926533 _eauthor |
||
| 245 |
_aWild side _c/ Elsie Silver. |
||
| 260 |
_aLondon : _bPiatkus, _c2025. |
||
| 300 |
_a453 pages ; _bmap ; _c21 cm. |
||
| 490 |
_aRose Hill series ; _vbk. 3 |
||
| 520 | _aShe's always dreamed of her wedding day. And those dreams never included saying "I do" to a man she hates. But when Tabitha's nephew's guardianship is contested, she decides she'll do whatever it takes to keep him in Rose Hill. Even if it means marrying the enemy. Rhys Dupris. A man who is secretive, broody, and completely infuriating. A man whose work takes him away for weeks on end and brings him back covered in mysterious bruises -- ones he won't talk about. In fact, Tabitha and Rhys barely talk at all. Which would be fine, except when he's not talking, he's staring. And the way he looks at her is borderline indecent. The tension between them has always been palpable. But living under the same roof is a dangerous temptation. Tabitha swore she would never forgive him. But that was before she knew the man behind the mask. The one who's fierce and protective. The one who's gentle and patient. The one who shows up for her and her nephew when they need him most. He's not at all who she thought he was. And that makes hating her husband so much harder ... and loving him just a little too easy. | ||
| 650 | 0 |
_aGuardian and ward _vFiction _926534 |
|
| 650 | 0 |
_aMan-woman relationships _vFiction _911134 |
|
| 650 | 0 |
_aMarriage _vFiction _926149 |
|
| 650 | 0 |
_aNephews _vFiction _926535 |
|
| 650 | 0 |
_aSecrecy _vFiction _925722 |
|
| 650 | 0 |
_aSmall cities _vFiction _926201 |
|
| 655 | 0 |
_aRomance fiction _922778 |
|
| 942 | _2lcc | ||
| 999 |
_c5187 _d5187 |
||